Statistics for Sleeping with Sirens Discography

Click here to take the quiz!

General Stats

  • This quiz has been taken 80 times
  • The average score is 16 of 38

Answer Stats

AlbumSong% Correct
If You Were a Movie, This Would Be Your SoundtrackScene Five - With Ears to See and Eyes to Hear
77%
FeelFeel
75%
Let's Cheers to ThisIf You Can't Hang
75%
If You Were a Movie, This Would Be Your SoundtrackScene Two - Roger Rabbit
75%
With Ears to See and Eyes to HearWith Ears to See, and Eyes to Hear
75%
With Ears to See and Eyes to HearIf I'm James Dean, You're Audrey Hepburn
62%
Let's Cheers to ThisDo It Now Remember It Later
58%
FeelAlone
55%
Let's Cheers to ThisFire
53%
FeelLow
53%
Let's Cheers to ThisA Trophy Father's Trophy Son
51%
FeelCongratulations
51%
FeelSorry
49%
Let's Cheers to ThisLet's Cheers to This
47%
FeelFree Now
40%
If You Were a Movie, This Would Be Your SoundtrackScene Three - Stomach Tied in Knots
40%
With Ears to See and Eyes to HearYou Kill Me (In A Good Way)
40%
Let's Cheers to ThisAll My Heart
36%
FeelSatellites
36%
If You Were a Movie, This Would Be Your SoundtrackScene One - James Dean and Audrey Hepburn
36%
With Ears to See and Eyes to HearThe Bomb Dot Com v2.0
36%
FeelDeja Vu
34%
FeelHere We Go
34%
FeelI'll Take You There
34%
With Ears to See and Eyes to HearIn Case of Emergency, Dial 411
34%
With Ears to See and Eyes to HearLet Love Bleed Red
34%
Let's Cheers to ThisPostcards and Polaroids
28%
Let's Cheers to ThisWho Are You Now
28%
With Ears to See and Eyes to HearDon't Fall Asleep at the Helm
26%
If You Were a Movie, This Would Be Your SoundtrackScene Four - Don't You Ever Forget About Me
26%
Let's Cheers to ThisTally It Up, Settle the Score
26%
FeelThe Best There Ever Was
26%
Let's Cheers to ThisYour Nickel Ain't Worth My Dime
26%
FeelThese Things I've Done
23%
Let's Cheers to ThisFour Corners and Two Sides
21%
With Ears to See and Eyes to HearThe Left Side of Everywhere
21%
With Ears to See and Eyes to HearCaptain Tyin' Knots vs. Mr. Walkway (No Way)
9%
With Ears to See and Eyes to Hearhttp://www.youtube.com/watch?v=tgMzriO93-Y
2%

Score Distribution

Percentile by Number Answered

Percent of People with Each Score

Your Score History

You have not taken this quiz